[Event "Utrecht OKU op 49th"]
[Site "Utrecht"]
[Date "2024.05.12"]
[Round "6"]
[White "Labruyere, Roger"]
[Black "Smeets, Kobe"]
[Result "1/2-1/2"]
[WhiteElo "2268"]
[BlackElo "2292"]
[PlyCount "62"]
[EventDate "2024.05.10"]
[EventType "swiss"]
[EventRounds "6"]
[EventCountry "NED"]
[SourceTitle "CB20_2024"]
[SourceDate "2024.05.16"]
[SourceVersion "1"]
[SourceVersionDate "2024.05.16"]
[SourceQuality "1"]

1. e4 e5 2. Nf3 Nc6 3. Bc4 Nf6 4. d3 Bc5 5. 0-0 d6 6. c3 a5 7. d4 Bb6 8. dxe5 Nxe5 9. Nxe5 dxe5 10. Qxd8+ Kxd8 11. Nd2 Ke7 12. b3 Bc5 13. Nf3 Bd6 14. Re1 h6 15. Bf1 Bd7 16. Nd2 Bc6 17. f3 Bc5+ 18. Kh1 Nd7 19. Nc4 Rhd8 20. Be3 Bxe3 21. Nxe3 Nc5 22. Rad1 Rxd1 23. Rxd1 Ne6 24. Bc4 Rd8 25. Bxe6 Rxd1+ 26. Nxd1 Kxe6 27. Ne3 g6 28. g4 b5 29. Kg2 Kd6 30. Kf2 Bb7 31. a3 c6 1/2-1/2

[Event "Groningen op 59th"]
[Site "Groningen"]
[Date "2023.12.26"]
[Round "5"]
[White "Smeets, Kobe"]
[Black "Boeren, Jurriaan"]
[Result "1/2-1/2"]
[WhiteElo "2239"]
[BlackElo "2102"]
[PlyCount "85"]
[EventDate "2023.12.21"]
[EventType "swiss"]
[EventRounds "9"]
[EventCountry "NED"]
[SourceTitle "CB04_2024"]
[SourceDate "2023.10.16"]
[SourceVersion "1"]
[SourceVersionDate "2023.10.16"]
[SourceQuality "1"]

1. e4 e6 2. d4 d5 3. Nc3 Nf6 4. Bg5 dxe4 5. Nxe4 Be7 6. Bxf6 gxf6 7. Nf3 f5 8. Nc3 a6 9. Qd2 Qd6 10. g3 b5 11. Bg2 Bb7 12. a4 b4 13. Ne2 c5 14. 0-0 Nd7 15. Rad1 Rc8 16. Rfe1 Bf6 17. Qh6 Qf8 18. Qh5 Be4 19. Nf4 Qe7 20. d5 0-0 21. dxe6 fxe6 22. Rxe4 fxe4 23. Bh3 Rc6 24. Nxe6 Rxe6 25. Qg4+ Kh8 26. Qxe6 Qxe6 27. Bxe6 exf3 28. Rxd7 Bxb2 29. Bd5 Rf6 30. Rf7 Rxf7 31. Bxf7 Kg7 32. Bd5 Kf6 33. Bxf3 Ke5 34. Bb7 a5 35. Kf1 Kd4 36. Ke2 Kc3 37. Kd1 b3 38. cxb3 Kxb3 39. Be4 h6 40. Bc2+ Kb4 41. f4 Bd4 42. Ke2 Kc3 43. Kd1 1/2-1/2

[Event "Wch U16"]
[Site "Montesilvano"]
[Date "2023.11.17"]
[Round "5"]
[White "Smeets, Kobe"]
[Black "Rajandu, Aaron"]
[Result "1-0"]
[WhiteElo "2266"]
[BlackElo "1526"]
[PlyCount "69"]
[EventDate "2023.11.13"]
[EventType "swiss"]
[EventRounds "11"]
[EventCountry "ITA"]
[SourceTitle "CB48_2023"]
[SourceDate "2023.11.29"]
[SourceVersion "1"]
[SourceVersionDate "2023.11.29"]
[SourceQuality "1"]

1. e4 c6 2. Nc3 d5 3. Nf3 dxe4 4. Nxe4 Nf6 5. Qe2 Nxe4 6. Qxe4 Qd5 7. Qf4 Qf5 8. Qe3 e6 9. c3 Bd6 10. d4 0-0 11. Bd3 Qh5 12. Bd2 c5 13. Ng5 h6 14. dxc5 Be7 15. Ne4 Nc6 16. 0-0 e5 17. Ng3 Qg4 18. h3 Qd7 19. Rad1 f5 20. Qe2 Qe8 21. b4 e4 22. Bc2 Bf6 23. Qh5 Qe5 24. Bb3+ Kh7 25. Ne2 g5 26. f4 exf3 27. Qxf3 Bd8 28. c4 Bc7 29. g3 Nd4 30. Nxd4 Qxd4+ 31. Kg2 Bd7 32. Bc3 g4 33. hxg4 fxg4 34. Bc2+ Bf5 35. Bxf5+ 1-0

[Event "World ol U16"]
[Site "Eindhoven"]
[Date "2023.08.18"]
[Round "9.20"]
[White "Altynbekuly, Madiyar"]
[Black "Smeets, Kobe"]
[Result "1-0"]
[WhiteElo "1923"]
[BlackElo "2245"]
[PlyCount "99"]
[EventDate "2023.08.13"]
[EventType "team-swiss"]
[EventRounds "9"]
[EventCountry "NED"]
[SourceTitle "CBM 215 Extra"]
[Source "ChessBase"]
[SourceDate "2023.09.30"]
[SourceVersion "1"]
[SourceVersionDate "2023.09.30"]
[SourceQuality "1"]
[WhiteTeam "Kazakhstan III"]
[BlackTeam "Netherlands II"]
[WhiteTeamCountry "KAZ"]
[BlackTeamCountry "NED"]

1. d4 d5 2. Nf3 Nf6 3. c4 c6 4. g3 Bf5 5. Nc3 e6 6. Qb3 Qb6 7. c5 Qxb3 8. axb3 Be7 9. b4 0-0 10. Bf4 Nbd7 11. b5 cxb5 12. Nxb5 Ne4 13. Nh4 Bxh4 14. gxh4 a6 15. Nd6 Nxd6 16. Bxd6 Rfe8 17. Bg2 Nb8 18. Kd2 Nc6 19. Kc3 Na7 20. e3 Nb5+ 21. Kb4 Nxd6 22. cxd6 Red8 23. Rac1 Rxd6 24. Rc7 Rb6+ 25. Ka3 h6 26. Rhc1 a5 27. Re7 Bg6 28. Bf3 h5 29. Rcc7 Rb8 30. Bd1 Kf8 31. Ba4 Rb4 32. Red7 Kg8 33. Bb3 Kf8 34. f4 Rb6 35. f5 exf5 36. Bxd5 Re8 37. Rxf7+ Bxf7 38. Rxf7+ Kg8 39. Rxb7+ Rbe6 40. Rb6 Kf7 41. Ka4 Kf6 42. Rxe6+ Rxe6 43. Bxe6 Kxe6 44. Kxa5 Kd5 45. b4 Ke4 46. b5 Kxe3 47. b6 f4 48. b7 f3 49. b8Q f2 50. Qb5 1-0

[Event "World ol U16"]
[Site "Eindhoven"]
[Date "2023.08.14"]
[Round "2.4"]
[White "Gaal, Zsoka"]
[Black "Smeets, Kobe"]
[Result "1-0"]
[WhiteElo "2314"]
[BlackElo "2245"]
[PlyCount "109"]
[EventDate "2023.08.13"]
[EventType "team-swiss"]
[EventRounds "9"]
[EventCountry "NED"]
[SourceTitle "CBM 215 Extra"]
[Source "ChessBase"]
[SourceDate "2023.09.30"]
[SourceVersion "1"]
[SourceVersionDate "2023.09.30"]
[SourceQuality "1"]
[WhiteTeam "Hungary"]
[BlackTeam "Netherlands II"]
[WhiteTeamCountry "HUN"]
[BlackTeamCountry "NED"]

1. Nf3 d5 2. g3 Nd7 3. d4 Nb6 4. Nc3 Nf6 5. Bg2 Bf5 6. a4 a5 7. Nh4 Bg4 8. Qd3 e6 9. e4 Be7 10. exd5 Nfxd5 11. Nxd5 exd5 12. Nf5 0-0 13. 0-0 Bf6 14. c3 Qd7 15. Ne3 Bh3 16. Bxh3 Qxh3 17. Qb5 Rfd8 18. Re1 h5 19. b3 g6 20. Ng2 Qd7 21. Qxd7 Nxd7 22. Nf4 c6 23. h4 Re8 24. Ba3 Bg7 25. Bd6 Bf8 26. Bxf8 Kxf8 27. f3 Re7 28. Kf2 Rae8 29. Rxe7 Rxe7 30. Rb1 Nb6 31. Nd3 Ke8 32. Nc5 Kd8 33. g4 hxg4 34. fxg4 Kc7 35. h5 gxh5 36. gxh5 Re8 37. Re1 Rh8 38. Re7+ Kd8 39. Rxb7 Nc8 40. Rxf7 Rxh5 41. Ne6+ Ke8 42. Rf8+ Kd7 43. Nc5+ Kc7 44. Rf7+ Kb8 45. Rb7+ Ka8 46. Rc7 Na7 47. Ke3 Rh3+ 48. Kf4 Rxc3 49. Ke5 Kb8 50. Rb7+ Ka8 51. Rh7 Kb8 52. Kd6 Rg3 53. Na6+ Ka8 54. Rh8+ Kb7 55. Nc5+ 1-0

[Event "Hilversum op"]
[Site "Hilversum"]
[Date "2023.06.24"]
[Round "4"]
[White "Thorfinnsson, Bjorn"]
[Black "Smeets, Kobe"]
[Result "1-0"]
[WhiteElo "2369"]
[BlackElo "2194"]
[PlyCount "71"]
[EventDate "2023.06.23"]
[EventType "swiss"]
[EventRounds "6"]
[EventCountry "NED"]
[SourceTitle "CBM 214 Extra"]
[Source "ChessBase"]
[SourceDate "2023.07.31"]
[SourceVersion "1"]
[SourceVersionDate "2023.07.31"]
[SourceQuality "1"]

1. d4 d5 2. Bg5 h6 3. Bh4 c6 4. Nf3 Qb6 5. b3 Nf6 6. e3 Ne4 7. Nfd2 Nxd2 8. Nxd2 Bf5 9. Be2 Nd7 10. 0-0 e5 11. Bg4 Bxg4 12. Qxg4 Qb4 13. Rfd1 g5 14. Bg3 Bg7 15. c4 Qe7 16. cxd5 cxd5 17. Bxe5 Nxe5 18. dxe5 Bxe5 19. Rac1 0-0 20. Nf3 Rad8 21. h4 Bf6 22. hxg5 hxg5 23. Nd4 Qe4 24. Qxe4 dxe4 25. Rc7 Rb8 26. Nf5 Rfd8 27. Rxd8+ Rxd8 28. g4 Rd2 29. Rxb7 Rxa2 30. Nh6+ Kg7 31. Nxf7 Kg6 32. Nd6 Ra6 33. Nxe4 Be5 34. Rb5 Re6 35. Ra5 Bc7 36. Rxg5+ 1-0

[Event "NED-ch U16"]
[Site "Almelo"]
[Date "2023.05.01"]
[Round "2"]
[White "Van Arendonk, Polle"]
[Black "Smeets, Kobe"]
[Result "1/2-1/2"]
[WhiteElo "1772"]
[BlackElo "2094"]
[PlyCount "135"]
[EventDate "2023.04.30"]
[EventType "swiss"]
[EventRounds "7"]
[EventCountry "NED"]
[SourceTitle "CBM 214 Extra"]
[Source "ChessBase"]
[SourceDate "2023.07.31"]
[SourceVersion "1"]
[SourceVersionDate "2023.07.31"]
[SourceQuality "1"]

1. e4 c5 2. Nf3 e6 3. d4 cxd4 4. Nxd4 Nc6 5. Nc3 Qc7 6. Be3 a6 7. a3 b5 8. Be2 Bb7 9. Nxc6 Qxc6 10. 0-0 Rc8 11. Bf3 Qc7 12. Qd2 Bd6 13. h3 Nf6 14. Rfd1 Bh2+ 15. Kh1 Be5 16. Bd4 d6 17. Bxe5 dxe5 18. Qd6 Qxd6 19. Rxd6 Rc6 20. Rxc6 Bxc6 21. Kg1 Ke7 22. Rd1 g5 23. g3 Rc8 24. Rd3 a5 25. b4 axb4 26. axb4 Be8 27. Be2 Rc4 28. f3 Rxb4 29. Kf2 Bc6 30. Nd1 Ne8 31. Rb3 Rxb3 32. cxb3 Kd6 33. b4 Nc7 34. Nc3 Na6 35. Na2 Kc7 36. Bd3 Kb6 37. Ke3 f6 38. Kf2 Bd7 39. g4 Nb8 40. Nc3 Bc6 41. Kg3 Nd7 42. h4 h6 43. h5 Nb8 44. Kf2 Na6 45. Na2 Bd7 46. Ke3 Nc7 47. Nc3 Ne8 48. Ne2 Nd6 49. Nc3 Bc8 50. Kf2 Ba6 51. Ke3 Nc8 52. Nb1 Ne7 53. Na3 Nc6 54. Nc2 Bc8 55. Bf1 Bd7 56. Bd3 Kc7 57. Bf1 f5 58. Be2 Kd6 59. Kd3 Nd4 60. Nxd4 fxe4+ 61. fxe4 exd4 62. Kxd4 e5+ 63. Ke3 Kc6 64. Kd3 Bc8 65. Ke3 Be6 66. Kd3 Bc4+ 67. Ke3 Bxe2 68. Kxe2 1/2-1/2

[Event "Wachtebeke op"]
[Site "Wachtebeke"]
[Date "2022.02.27"]
[Round "3"]
[White "Alves Garcia, Eric"]
[Black "Smeets, Kobe"]
[Result "1-0"]
[WhiteElo "2064"]
[BlackElo "1904"]
[PlyCount "51"]
[EventDate "2022.02.26"]
[EventType "swiss"]
[EventRounds "9"]
[EventCountry "BEL"]
[SourceTitle "CBM 207 Extra"]
[Source "ChessBase"]
[SourceDate "2022.05.31"]
[SourceVersion "1"]
[SourceVersionDate "2022.05.31"]
[SourceQuality "1"]

1. e4 c5 2. Nf3 e6 3. d4 cxd4 4. Nxd4 Nc6 5. Nc3 Qc7 6. f4 a6 7. Nxc6 Qxc6 8. Bd3 b5 9. Qe2 Bb7 10. Bd2 Bc5 11. 0-0-0 b4 12. Nd5 Ne7 13. Ne3 Qa4 14. Kb1 d5 15. f5 dxe4 16. Bc4 Bxe3 17. Bxe3 Nxf5 18. Bc5 Qa5 19. g4 Qxc5 20. gxf5 Rc8 21. Bb3 Qxf5 22. Ba4+ Kf8 23. Qd2 Qc5 24. Qd7 Bd5 25. Rhf1 f5 26. Rxd5 1-0

[Event "Biel ATO 55th"]
[Site "Biel"]
[Date "2022.??.??"]
[Round "9"]
[White "Hari, Charan Sai Kalluri"]
[Black "Smeets, Kobe"]
[Result "0-1"]
[WhiteElo "2041"]
[BlackElo "1963"]
[PlyCount "62"]
[EventDate "2022.07.13"]
[EventType "swiss"]
[EventRounds "9"]
[EventCountry "SUI"]
[SourceTitle "EXT 2024"]
[Source "ChessBase"]
[SourceDate "2023.10.10"]
[SourceVersion "1"]
[SourceVersionDate "2023.10.10"]
[SourceQuality "1"]

1. d4 d5 2. c4 e6 3. Nc3 c6 4. e4 dxe4 5. Nxe4 Bb4+ 6. Bd2 Qxd4 7. Bxb4 Qxe4+ 8. Be2 Na6 9. Bc3 f6 10. Nf3 Ne7 11. 0-0 0-0 12. b4 e5 13. b5 cxb5 14. cxb5 Nc7 15. Bd3 Qg4 16. h3 Qh5 17. Bb4 Re8 18. Rc1 Ne6 19. Bc4 Kh8 20. Re1 Nf4 21. Nxe5 fxe5 22. Qxh5 Nxh5 23. Rxe5 Nf4 24. Rxe7 Rxe7 25. Bxe7 Be6 26. Bxe6 Ne2+ 27. Kh2 Nxc1 28. Bd5 Re8 29. Bh4 Re5 30. Bxb7 Rxb5 31. Ba6 Ra5 0-1

[Event "Biel ATO 55th"]
[Site "Biel"]
[Date "2022.??.??"]
[Round "6"]
[White "Mirski, Michal"]
[Black "Smeets, Kobe"]
[Result "1-0"]
[WhiteElo "1868"]
[BlackElo "1963"]
[PlyCount "87"]
[EventDate "2022.07.13"]
[EventType "swiss"]
[EventRounds "9"]
[EventCountry "SUI"]
[SourceTitle "EXT 2024"]
[Source "ChessBase"]
[SourceDate "2023.10.10"]
[SourceVersion "1"]
[SourceVersionDate "2023.10.10"]
[SourceQuality "1"]

1. c4 e6 2. g3 d5 3. Bg2 Nf6 4. Nf3 c6 5. 0-0 Be7 6. d4 0-0 7. Nbd2 Nbd7 8. b3 b6 9. Bb2 Bb7 10. Qc2 Rc8 11. e4 dxe4 12. Nxe4 Nxe4 13. Qxe4 Nf6 14. Qe2 c5 15. Rad1 Qc7 16. dxc5 Qxc5 17. Ne5 Bxg2 18. Kxg2 Rfd8 19. Qf3 Bd6 20. Rfe1 Qc7 21. Re3 Bc5 22. Red3 Rxd3 23. Rxd3 Rd8 24. Rxd8+ Qxd8 25. Qb7 Qe8 26. Qxa7 Ne4 27. f3 Nd6 28. Qd7 Qa8 29. a3 Qf8 30. b4 Be3 31. Bc3 Nf5 32. g4 Nh4+ 33. Kg3 Ng6 34. Nc6 Bf4+ 35. Kg2 Nh4+ 36. Kf2 Bxh2 37. Ne7+ Kh8 38. Qc8 Qxc8 39. Nxc8 Ng6 40. Nxb6 Ne5 41. Bxe5 Bxe5 42. c5 Bb2 43. Nc4 Bd4+ 44. Kg2 1-0

[Event "Biel ATO 55th"]
[Site "Biel"]
[Date "2022.??.??"]
[Round "1"]
[White "Smeets, Kobe"]
[Black "Buffat, Pierre Andre"]
[Result "1-0"]
[WhiteElo "1963"]
[BlackElo "1617"]
[PlyCount "109"]
[EventDate "2022.07.13"]
[EventType "swiss"]
[EventRounds "9"]
[EventCountry "SUI"]
[SourceTitle "EXT 2024"]
[Source "ChessBase"]
[SourceDate "2023.10.10"]
[SourceVersion "1"]
[SourceVersionDate "2023.10.10"]
[SourceQuality "1"]

1. e4 e6 2. d4 d5 3. Nd2 c5 4. exd5 exd5 5. Ngf3 Nc6 6. Be2 Nf6 7. 0-0 cxd4 8. Nb3 Be7 9. Nfxd4 0-0 10. Re1 Re8 11. Bf4 a6 12. c3 Bd7 13. Bd3 Rc8 14. Nf5 Bf8 15. Qf3 g6 16. Nh6+ Bxh6 17. Bxh6 Ne5 18. Qd1 Nfg4 19. Bf4 Nxd3 20. Qxd3 Bc6 21. Qf3 Qd7 22. h3 Nf6 23. Be5 Ne4 24. Bd4 f5 25. Qf4 g5 26. Qc1 f4 27. Nd2 Qf5 28. Qd1 Re6 29. Qg4 Qxg4 30. hxg4 Rce8 31. Nf3 h6 32. Rad1 Kf7 33. Ne5+ Kg8 34. Nd3 Kf7 35. Ne5+ Kg8 36. Nd3 Kf7 37. f3 Ng3 38. Ne5+ Kg8 39. Kf2 h5 40. gxh5 Nxh5 41. Ng4 Rxe1 42. Rxe1 Rxe1 43. Kxe1 Kf7 44. Kd2 Bb5 45. Ne5+ Ke6 46. Nd3 Bc6 47. b3 Ng3 48. a4 Nf5 49. Ne5 Ne3 50. Nxc6 bxc6 51. Bxe3 fxe3+ 52. Kxe3 Ke5 53. b4 Kf5 54. g3 Ke5 55. Kd3 1-0